| 000 | 00375nam a22001457a 4500 | ||
|---|---|---|---|
| 008 | 231204b |||||||| |||| 00| 0 eng d | ||
| 082 | _a657.9 BAS | ||
| 100 | _aBasu, Sankar Prasad. | ||
| 245 | _aCorporate Accounting | ||
| 250 | _a12th ed. | ||
| 260 |
_aKolkata : _bAmit Biswas, _c2006. |
||
| 300 |
_axv.1272 p: _c23.5 Cm. |
||
| 700 |
_aDas, Monilal. _eAuthor |
||
| 942 | _2ddc | ||
| 999 |
_c9754 _d9755 |
||